000 00488nam a2200169Ia 4500
999 _c18724
_d18724
003 OSt
005 20200707113505.0
008 190216s9999||||xx |||||||||||||| ||und||
040 _coclc
082 _a973
_bBEE/U
100 _aBeer, Kenneth E
_93600
245 4 _aThe U.S.A Answers Questions /
_cKenneth E Beer
260 _bHigginbothams Pvt Ltd,
_c1968.
_aMadras:
300 _a215p
650 _aHistory Of America
942 _cBK
_2ddc
_h973
_iBEE/U
_k973
_mBEE/U